|
|
|
|
| LEADER |
02244cam a22003131 4500 |
| 008 |
890412s1956 enk 000 0 eng |
| 035 |
|
|
|a (CStRLIN)NYCG89-B27344
|
| 035 |
|
|
|a (NNC)728161
|
| 035 |
|
|
|a (OCoLC)277922578
|
| 035 |
|
|
|a (OCoLC)ocn277922578
|
| 082 |
|
|
|a 820.9 JOn/E
|
| 100 |
1 |
|
|a Jones, Edmund D.
|
| 245 |
1 |
0 |
|a English critical essays (sixteenth, seventeenth, and eighteenth centuries)
|c selected and ed. by Edmund D. Jones.
|
| 260 |
|
|
|a London,
|b Oxford Univ. Press,
|c 1956.
|
| 300 |
|
|
|a viii, 394 p.
|c 16 cm.
|
| 490 |
1 |
|
|a The world's classics. 240
|
| 505 |
0 |
|
|a Sir Philip Sidney: An apology for poetry.--Thomas Campion: From Observations in the art of English poesy.--Samuel Daniel: A defense of rhyme.--Francis Bacon: The nature of poetry.--Ben Jonson: Extracts from Timber. To the memory of William Shakespeare.--John Milton: Preface to Samson Agonistes.--John Dryden: An essay on dramatic poesy. Preface to the Fables.--John Dennis: From The advancement and reformation of modern poetry.--Alexander Pope: An essay on criticism.--Joseph Addison: Chevy Chase. Criticisms on Paradise lost. The fairy way of writing.--Thomas Gray: Poetic diction. Dodsley's miscellany.--Edward Young: Conjectures on original composition.--Richard Hurd: Heroic and Gothic manners. Spenser and Milton. The faerie queene.--Samuel Johnson: Dryden as critic and poet. Gray.--Thomas Warton: Preface to Milton's minor poems.
|
| 650 |
|
0 |
|a Criticism.
|
| 650 |
|
0 |
|a English essays.
|
| 650 |
|
0 |
|a English poetry
|x History and criticism.
|
| 650 |
|
0 |
|a Poetry.
|
| 830 |
|
0 |
|a World's classics ;
|v 240.
|
| 900 |
|
|
|a AUTH
|
| 942 |
|
|
|2 ddc
|c BK
|
| 999 |
|
|
|c 192648
|d 192648
|
| 952 |
|
|
|0 0
|1 0
|4 0
|6 820_900000000000000_JON_E
|7 0
|9 212612
|a ENG
|b ENG
|c ST1
|d 2016-01-06
|i 10154
|l 0
|o 820.9 JON/E
|p ENG10154
|r 2016-01-06
|w 2018-08-21
|y BK
|
| 952 |
|
|
|0 0
|1 0
|4 0
|6 820_900000000000000_JON_E
|7 0
|9 212613
|a ENG
|b ENG
|c ST1
|d 2016-01-07
|i 11027
|l 0
|o 820.9 JON/E
|p ENG11027
|r 2016-01-07
|w 2018-08-21
|y BK
|
| 952 |
|
|
|0 0
|1 0
|4 0
|6 820_900000000000000_JON_E
|7 0
|9 212614
|a ENG
|b ENG
|c ST1
|d 2016-01-06
|i 11028
|l 0
|o 820.9 JON/E
|p ENG11028
|r 2016-01-06
|w 2016-01-06
|y BK
|
| 952 |
|
|
|0 0
|1 0
|4 0
|6 820_900000000000000_JON_E
|7 0
|9 212615
|a ENG
|b ENG
|c ST1
|d 2016-01-07
|i 3668
|l 0
|o 820.9 JON/E
|p ENG3668
|r 2016-01-07
|w 2016-01-07
|y BK
|